书目信息 |
| 题名: |
墨子原来这样说
|
|
| 作者: | 姜正成 编著 | |
| 分册: | ||
| 出版信息: | 北京 中国华侨出版社 2013 |
|
| 页数: | 245页 | |
| 开本: | 24cm | |
| 丛书名: | 诸子如是说系列 | |
| 单 册: | ||
| 中图分类: | B224.5 | |
| 科图分类: | ||
| 主题词: | ||
| 电子资源: | ||
| ISBN: | 978-7-5113-2278-4 | |
| 000 | 00814nam0 2200253 450 | |
| 001 | 338086 | |
| 005 | 20150601162101.59 | |
| 010 | @a978-7-5113-2278-4@dCNY29.80 | |
| 100 | @a20120718d2012 em y0chiy50 ea | |
| 101 | 0 | @achi |
| 102 | @aCN@b110000 | |
| 105 | @ay z 000yy | |
| 106 | @ar | |
| 200 | 1 | @a墨子原来这样说@AMo zi yuan lai zhe yang shuo@f姜正成编著 |
| 210 | @a北京@c中国华侨出版社@d2013 | |
| 215 | @a245页@d24cm | |
| 225 | 2 | @a诸子如是说系列 |
| 330 | @a本书讲述了墨子对意志修为、尚贤使能、尚同控制、人间兼爱、天下非攻等方面的理论与思想, 向人们讲解了人生的心态、感悟及真谛。 | |
| 410 | 0 | @12001 @a诸子如是说系列 |
| 600 | 0 | @a墨翟@f(前468-前376)@x哲学思想@x研究 |
| 690 | @aB224.5@v5 | |
| 701 | 0 | @a姜正成@Ajiang zheng cheng@4编著 |
| 801 | 0 | @aCN@b卓展宏图@c20150525 |
| 905 | @dB224.5@e477@f3 | |
| 墨子原来这样说/姜正成编著.-北京:中国华侨出版社,2013 |
| 245页;24cm.-(诸子如是说系列) |
| ISBN 978-7-5113-2278-4:CNY29.80 |
| 本书讲述了墨子对意志修为、尚贤使能、尚同控制、人间兼爱、天下非攻等方面的理论与思想, 向人们讲解了人生的心态、感悟及真谛。 |
| ● |
| 相关链接 |
|
|
|
|
正题名:墨子原来这样说
索取号:B224.5/477
 
预约/预借
| 序号 | 登录号 | 条形码 | 馆藏地/架位号 | 状态 | 备注 |
| 1 | 857314 | 208573140 | 第一样本阅览室/ [索取号:B224.5/477] | 在馆 | |
| 2 | 857315 | 208573159 | 第一借阅区/ [索取号:B224.5/477] | 在馆 | |
| 3 | 857316 | 208573168 | 第一借阅区/ [索取号:B224.5/477] | 在馆 |